Kerr and Hunter on receivers and administrators (Record no. 102991)
[ view plain ]
| 000 -LEADER | |
|---|---|
| fixed length control field | 00907cam a2200229 4500 |
| 001 - CONTROL NUMBER | |
| control field | L123049 |
| 008 - FIXED-LENGTH DATA ELEMENTS--GENERAL INFORMATION | |
| fixed length control field | #DATE n2005 000 0 eng u |
| 020 ## - INTERNATIONAL STANDARD BOOK NUMBER | |
| International Standard Book Number | 042170540X |
| 035 ## - SYSTEM CONTROL NUMBER | |
| System control number | (Sirsi) u123049 |
| 041 ## - LANGUAGE CODE | |
| Language code of text/sound track or separate title | eng |
| 050 ## - LIBRARY OF CONGRESS CALL NUMBER | |
| Classification number | 346.41078 |
| -- | 18 |
| 100 ## - MAIN ENTRY--PERSONAL NAME | |
| Personal name | Hunter, Muir |
| 245 ## - TITLE STATEMENT | |
| Title | Kerr and Hunter on receivers and administrators |
| 250 ## - EDITION STATEMENT | |
| Edition statement | 18th ed. |
| 260 ## - PUBLICATION, DISTRIBUTION, ETC. | |
| Place of publication, distribution, etc. | London |
| Name of publisher, distributor, etc. | Sweet and Maxwell |
| Date of publication, distribution, etc. | 2005 |
| 300 ## - PHYSICAL DESCRIPTION | |
| Extent | ixxxvi,657p. |
| Dimensions | 24cm. |
| 350 ## - PRICE (NR) (BK AM CF MU VM SE) [OBSOLETE] | |
| Price | 179 |
| 520 ## - SUMMARY, ETC. | |
| Summary, etc. | Discusses corporate and personal insolvency and includes the effect of the abolition of administrative receivership in the Enterprise Act 2002 and the change in administrative procedures. Revised to consider other legislative developments such as the Insolvency Act 2000, Regulation (EC) 1342/2000 and the UNCITRAL model law on bankruptcy. |
| 590 ## - LOCAL NOTE (RLIN) | |
| Local note | IKA290405 |
| 690 ## - LOCAL SUBJECT ADDED ENTRY--TOPICAL TERM (OCLC, RLIN) | |
| Topical term or geographic name as entry element | MANAGEMENT-CORPORATE RECOVERY |
| 942 ## - ADDED ENTRY ELEMENTS (KOHA) | |
| Suppress in OPAC | 0 |
| Withdrawn status | Lost status | Source of classification or shelving scheme | Damaged status | Not for loan | Home library | Current library | Shelving location | Date acquired | Cost, normal purchase price | Total Checkouts | Full call number | Barcode | Date last seen | Date last checked out | Copy number | Cost, replacement price | Price effective from | Koha item type |
|---|---|---|---|---|---|---|---|---|---|---|---|---|---|---|---|---|---|---|
| Dewey Decimal Classification | London | London | Books | 25/04/2005 | 152.15 | 8 | 346.41078 HUN | 30070577 | 06/08/2019 | 28/09/2009 | 1 | 152.15 | 06/08/2019 | Book |